00974cam a22002651 4500001001300000003000400013005001700017008004100034010001700075035001900092040002100111042001200132043001200144050001700156100004100173245013400214260004300348300008500391490004100476504002800517500002000545650004200565700004400607810005700651gs 15000379 DLC20260227111317.0790917s1915 dcuabf b f001 0 eng  ags 15000379  a(OCoLC)5379946 aDLCcICharEdDLC apremarc an-us-az00aTN24.A6bS251 aSchrader, Frank Charles,d1860-1944.10aMineral deposits of the Santa Rita and Patagonia Mountains, Arizona /cby Frank C. Schrader, with contributions by James M. Hill. aWashington,bGovt. Print. Off.,c1915. a373 p. :bplates (part fold.) fold. maps, fold. col. profiles, diagrs. ;c24 cm.1 aU.S. Geological survey. Bulletin 582 aBibliography: p. 31-34. aIncludes index. 0aMines and mineral resourceszArizona.1 aHill, James M.q(James Madison),d1884-1 aUnited States.bGeological Survey.tBulletin ;v582.